Código de Comercio: edición oficial, aprobada por Decreto Exento Nº 1368, de 25 de junio de 2014, del Ministerio de Justicia

Guardat en:
Dades bibliogràfiques
Autor corporatiu: Chile
Format: Llibre
Idioma:espanyol
Publicat: Santiago, Chile: Jurídica, 2015
Edició:Vigésima Primera Edición.
Matèries:
Etiquetes: Afegir etiqueta
Sense etiquetes, Sigues el primer a etiquetar aquest registre!

MARC

LEADER 00000cam a2200000 a 4500
001 UCE8766
003 CL-VaPUC
005 20241003160242.0
008 150904e20150000cl |||||||||||||||||spa|d
999 |c 360540  |d 360538 
020 |a 9789561023451 
040 |c Pontificia Universidad Católica de Valparaíso 
082 0 4 |a 346.8307 CHI 2015  |2 21 
110 1 |a Chile  |9 890760 
245 1 0 |a Código de Comercio: edición oficial, aprobada por Decreto Exento Nº 1368, de 25 de junio de 2014, del Ministerio de Justicia 
250 |a Vigésima Primera Edición. 
260 |a Santiago, Chile:  |b Jurídica,  |c 2015 
300 |a 1200 páginas. 
505 |a Mensaje del Ejecutivo. -Título Preliminar. Disposiciones generales. -Libro I. De los Comerciantes y de los Agentes del Comercio. -Libro II. De los Contratos y Obligaciones Mercantiles en General. -Libro III. De la Navegación y el Comercio Marítimos. -Libro IV (Derogado). Apéndice (actualizado al 15 de mayo de 2015): -Ley N.º 20.720. Sustituye el régimen concursal vigente por una Ley de Reorganización y Liquidación de Empresas y Personas, y perfecciona el rol de la Superintendencia del ramo. -Ley N.º 18.092. Dicta nuevas normas sobre letra de cambio y pagaré y deroga disposiciones del Código de Comercio. -Ley N.º 4.287. Ley sobre prenda de valores mobiliarios a favor de los Bancos. -Ley N.º 18.045. Ley de Mercado de Valores. -Ley N.º 18.046. Ley sobre sociedades anónimas. -Ley N.º 3.918. Ley sobre sociedades de responsabilidad limitada. -Ley N.º 20.190. Introduce adecuaciones tributarias e institucionales para el fomento de la industria de capital de riesgo y continúa el proceso de modernización del mercado de capitales. -Ley N.º 18.552. Regula tratamiento de títulos de crédito. -Ley N.º 20.169. Regula la competencia desleal. -Ley N.º 19.499. Establece normas sobre saneamiento de vicios de nulidad de sociedades y modifica Código de Comercio y otros cuerpos legales. -Ley N.º 19.857. Autoriza el establecimiento de empresas individuales de responsabilidad limitada. -Ley N.º 20.659. Simplifica el régimen de constitución, modificación y disolución de las sociedades comerciales. -Ley N.º 20.712. Administración de Fondos de Terceros y Carteras Individuales y deroga los cuerpos legales que indica. 
583 |a last modification  |c 20150904 11:50:00  |k Rodrigo Vera 
650 0 |a Derecho comercial chileno  |9 430902 
650 0 |a Código de comercio   |9 329302 
942 |c BK  |2 ddc 
945 |d 20150904 11:50:00  |a dcastane 
952 |0 0  |1 0  |3 erb  |4 0  |6 346_830700000000000_CHI_2015  |7 0  |8 R  |9 470393  |a BIBDER  |b BIBDER  |i 5196078  |o 346.8307 CHI 2015  |p 5196078  |r 2023-01-25  |w 2019-11-23  |y BK_R  |z Catalogado en:20150904  |k DER 
952 |0 0  |1 0  |3 erb  |4 0  |6 346_830700000000000_CHI_2015  |7 0  |8 R  |9 470394  |a BIBDER  |b BIBDER  |i 5196094  |o 346.8307 CHI 2015  |p 5196094  |r 2023-01-25  |w 2019-11-23  |y BK_R  |z Catalogado en:20150904  |k DER 
952 |0 0  |1 0  |3 erb  |4 0  |6 346_830700000000000_CHI_2015  |7 0  |8 R  |9 470395  |a BIBDER  |b BIBDER  |i 5196086  |l 2  |o 346.8307 CHI 2015  |p 5196086  |r 2023-01-25  |s 2021-10-11  |w 2019-11-23  |y BK_R  |z Catalogado en:20150904  |k DER